000 01054nam a22003137a 4500
001 BR2016002742
003 BR-BrBNA
005 20230928104908.0
007 ta
008 230509b bl.||||| |||| 00| 0 por d
040 _aBR-BrBNA
_bpor
_cBiblioteca Nacional de Agricultura
041 _a(Por)
072 _aL73
_b6100
_b4110
090 _ 6100 BR2016002742
100 1 _aDickel, E.L.
110 1 _aUniversidade Federal do Rio Grande do Sul, Porto Alegre, RS (Brasil). Faculdade de Veterinária
_0Tese (Doutor em Medicina Veterinária)
_911184
245 1 _aDesenvolvimento de métodos para detecção de Salmonella sp.; utilizando-se as técnicas de amplificação gênica (PCR)e imunoensaio em carcaças de frango
260 3 _aPorto Alegre, RS (Brasil):
_c2000.
300 _a50 p.
500 _aBibliography p. 43-46; 12 tables
650 _aSALMONELLA SPP
650 _aBACTÉRIA
650 _aCARCAÇA
650 _aFRANGO
650 _aMÉTODO
650 _aBIOQUÍMICA
909 _a202309
_bLucia
_c55
_dLucia Elande
942 _cBK
999 _c82319
_d82319